000
00272 a2200085 4500
020
_a
9791254930144
100
_a
Paola Savoldi Paolo Pileri, Cristina Renzoni
245
_a
School squares: Reinventing the dialogue between school and city
260
_b
Edizioni Corraini
_c
2022
999
_c
13318
_d
13318